Códice vaquero (Record no. 1751)
[ view plain ]
| 000 -LEADER | |
|---|---|
| campo de control de longitud fija | 00805nam a2200145 4500 |
| 008 - DATOS DE LONGITUD FIJA--INFORMACIÓN GENERAL | |
| campo de control de longitud fija | 708 G216c |
| 020 ## - NÚMERO INTERNACIONAL ESTÁNDAR DEL LIBRO | |
| Número Internacional Estándar del Libro | 9786079358372 |
| 082 ## - NÚMERO DE LA CLASIFICACIÓN DECIMAL DEWEY | |
| Número de clasificación | 708 |
| Número de ítem | G216c |
| 100 ## - ENTRADA PRINCIPAL--NOMBRE DE PERSONA | |
| Nombre de persona | Garcilazo, Gabriel |
| 9 (RLIN) | 6964 |
| 245 ## - MENCIÓN DEL TÍTULO | |
| Título | Códice vaquero |
| 260 ## - PUBLICACIÓN, DISTRIBUCIÓN, ETC. | |
| Lugar de publicación, distribución, etc. | México |
| Nombre del editor, distribuidor, etc. | Gobierno Estatal de Morelos |
| -- | Secretaría de Cultura |
| -- | Dirección General de Museos y Exposiciones |
| Fecha de publicación, distribución, etc. | 2017 |
| 300 ## - DESCRIPCIÓN FÍSICA | |
| Extensión | 48 p. |
| Otras características físicas | il (col) |
| Dimensiones | 23,5 x 17 cm |
| 505 ## - NOTA DE CONTENIDO CON FORMATO | |
| Título | Presentaciones |
| -- | Códice vaquero |
| Mención de responsabilidad | Itzel Vargas Plata |
| Título | Gabriel Garcilazo en entrevista con Tatiana Cuevas |
| -- | Gabriel Garcilazo |
| -- | Lista de obras / List of works |
| -- | Cowboy Comic Codex |
| Mención de responsabilidad | Itzel Vargas Plata |
| Título | Gabriel Garcilazo interviewed by Tatiana Cuevas |
| -- | Créditos y agradecimientos / Credits and aknowledgments |
| 650 ## - PUNTO DE ACCESO ADICIONAL DE MATERIA--TÉRMINO DE MATERIA | |
| Subdivisión general | arte contemporáneo |
| -- | arte - exhibiciones |
| -- | arte - dibujo |
| -- | México |
| 9 (RLIN) | 6965 |
| Estatus retirado | Estado de pérdida | Fuente del sistema de clasificación o colocación | Estado de daño | No para préstamo | Biblioteca de origen | Biblioteca actual | Ubicación en estantería | Fecha de adquisición | Total de préstamos | Signatura topográfica completa | Código de barras | Visto por última vez | Precio de reemplazo | Tipo de ítem Koha |
|---|---|---|---|---|---|---|---|---|---|---|---|---|---|---|
| Clasificación Decimal Dewey | Biblioteca LadoV | Biblioteca LadoV | 16/03/2019 | 708 G216c | 004756 | 16/03/2019 | 16/03/2019 | Material 01 |
